<?xml version="1.0" encoding="UTF-8"?>
<record
    xmlns:xsi="http://www.w3.org/2001/XMLSchema-instance"
    xsi:schemaLocation="http://www.loc.gov/MARC21/slim http://www.loc.gov/standards/marcxml/schema/MARC21slim.xsd"
    xmlns="http://www.loc.gov/MARC21/slim">

  <leader>01674nab a2200229uuc4500</leader>
  <controlfield tag="001">1306547</controlfield>
  <controlfield tag="005">20240509120257.0</controlfield>
  <controlfield tag="008">121121s2012                        spa  </controlfield>
  <datafield tag="035" ind1=" " ind2=" ">
    <subfield code="a">1306547</subfield>
  </datafield>
  <datafield tag="040" ind1=" " ind2=" ">
    <subfield code="c">comduadb</subfield>
  </datafield>
  <datafield tag="041" ind1=" " ind2=" ">
    <subfield code="a">spa</subfield>
  </datafield>
  <datafield tag="100" ind1="1" ind2="0">
    <subfield code="a">Laurent, Virginie</subfield>
    <subfield code="4">aut</subfield>
    <subfield code="e">aut</subfield>
    <subfield code="9">273397</subfield>
  </datafield>
  <datafield tag="245" ind1="1" ind2="0">
    <subfield code="a">Multiculturalismo a la colombiana y veinte a&#xF1;os de movilizaci&#xF3;n electoral ind&#xED;gena : circunscripciones especiales en la mira</subfield>
  </datafield>
  <datafield tag="260" ind1=" " ind2=" ">
    <subfield code="c">2012.</subfield>
  </datafield>
  <datafield tag="520" ind1="3" ind2=" ">
    <subfield code="a">El art&#xED;culo propone, a manera de aporte para un balance de dos d&#xE9;cadas de multiculturalismo en Colombia, una reflexi&#xF3;n sobre los efectos, alcances y l&#xED;mites de las circunscripciones especiales ind&#xED;genas. En la primera parte, brinda un acercamiento a debates que sugieren la implementaci&#xF3;n de dispositivos electorales adecuados a la multiculturalidad. Posteriormente, contextualiza el caso de las circunscripciones especiales en Colombia como v&#xED;a destacada, m&#xE1;s no exclusiva, de la movilizaci&#xF3;n pol&#xED;tica ind&#xED;gena. La segunda parte se enfoca en un an&#xE1;lisis de la puesta en pr&#xE1;ctica de las circunscripciones ind&#xED;genas, centrado en la articulaci&#xF3;n entre la influencia de factores institucionales en ellas -como la llamada Reforma Pol&#xED;tica de 2003- y din&#xE1;micas de las agrupaciones pol&#xED;ticas involucradas.</subfield>
  </datafield>
  <datafield tag="650" ind1=" " ind2=" ">
    <subfield code="a">Multiculturalismo - Cartagena (Bol&#xED;var, Colombia)</subfield>
    <subfield code="9">69990</subfield>
  </datafield>
  <datafield tag="650" ind1=" " ind2=" ">
    <subfield code="a">Indigenas de Colombia - Organizaci&#xF3;n social y pol&#xED;tica</subfield>
    <subfield code="9">1693</subfield>
  </datafield>
  <datafield tag="650" ind1=" " ind2="7">
    <subfield code="a">Movimientos ind&#xED;genas</subfield>
    <subfield code="z">Colombia</subfield>
    <subfield code="2">lemb</subfield>
    <subfield code="9">200986</subfield>
  </datafield>
  <datafield tag="650" ind1=" " ind2=" ">
    <subfield code="a">Sistema electoral - Colombia</subfield>
    <subfield code="9">10437</subfield>
  </datafield>
  <datafield tag="773" ind1="0" ind2=" ">
    <subfield code="t">An&#xE1;lisis Pol&#xED;tico (Bogot&#xE1;)</subfield>
    <subfield code="g">No. 075, May.-Ago. 2012, p. 47-65</subfield>
    <subfield code="w">5403</subfield>
    <subfield code="x">0121-4705</subfield>
    <subfield code="0">4002</subfield>
  </datafield>
  <datafield tag="942" ind1=" " ind2=" ">
    <subfield code="c">ARIMP</subfield>
  </datafield>
  <datafield tag="999" ind1=" " ind2=" ">
    <subfield code="c">631003</subfield>
    <subfield code="d">631003</subfield>
  </datafield>
</record>
